ਮਨ ਦਾ ਮਨੁਖ / (Record no. 70523)

MARC details
000 -LEADER
fixed length control field 01158nam a22002537a 4500
005 - DATE AND TIME OF LATEST TRANSACTION
control field 20130502154657.0
008 - FIXED-LENGTH DATA ELEMENTS--GENERAL INFORMATION
fixed length control field 090728t xxu||||| |||| 00| 0 pun d
010 ## - LCCN (DPL NO)
LC control number PUN-7341 B-493699-703
020 ## - INTERNATIONAL STANDARD BOOK NUMBER
Terms of availability 200.00
International Standard Book Number 9788178836928
035 ## - SYSTEM CONTROL NUMBER
System control number PN-6459 B-493699-703
037 ## - SOURCE OF ACQUISITION
Source of stock number/acquisition DBAD / PUB/ਚੇਤਨਾ ਪ੍ਰਕਾਸ਼ਨ
037 ## - SOURCE OF ACQUISITION
Source of stock number/acquisition BPPD/Allied pub
040 ## - CATALOGING SOURCE
Original cataloging agency dpl
Language of cataloging PN
082 ## - DEWEY DECIMAL CLASSIFICATION NUMBER
Classification number
100 ## - MAIN ENTRY--PERSONAL NAME
9 (RLIN) 37323
Personal name ਗੰਗੋਪਾਦਿਆਇ , ਸੁਨੀਲ
245 ## - TITLE STATEMENT
Title ਮਨ ਦਾ ਮਨੁਖ /
Statement of responsibility, etc ਸੁਨੀਲ ਗੰਗੋਪਾਦਿਆਇ , ਤਰਸੇਮ ਦ੍ਵਾਰਾ ਅਨੁਦਿਤ
246 ## - VARYING FORM OF TITLE
Title proper/short title Man da manukh
Remainder of title by Sunil Gangopadhyaya
260 ## - PUBLICATION, DISTRIBUTION, ETC. (IMPRINT)
Place of publication, distribution, etc ਲੁਧਿਆਣਾ
Name of publisher, distributor, etc ਚੇਤਨਾ ਪ੍ਰਕਾਸ਼ਨ
Date of publication, distribution, etc 2010
270 ## - ADDRESS
Address Punjabi Bhawan,
City Ludhiana ( Pb.)
Telephone number 0161-2413613
Electronic mail address chetnaprakashan@sify.com
300 ## - PHYSICAL DESCRIPTION
Extent 159;
Other physical details 21 ਸੇਂਮੀ(ਸਜਿਲਦ)
700 ## - ADDED ENTRY--PERSONAL NAME
9 (RLIN) 52706
Personal name ਤਰਸੇਮ
942 ## - ADDED ENTRY ELEMENTS (KOHA)
Source of classification or shelving scheme Dewey Decimal Classification
Item type Punjabi Bks
Classification part
Call number suffix ਗੰਗੋਪਾ
Holdings
Withdrawn status Lost status Source of classification or shelving scheme Damaged status Not for loan Collection code Home library Current library Date acquired Source of acquisition Cost, normal purchase price Total Checkouts Full call number Barcode Date last seen Copy number Cost, replacement price Koha item type
    Dewey Decimal Classification     Fiction Central Library Central Library 02/05/2013 BPPD/161/21.2.13/1775/6.3.13/13.3.13 200.00 1 ਉ ਗੰਗੋਪਾ B-493699 18/03/2024 1 200.00 Punjabi Bks
    Dewey Decimal Classification     Fiction D.B.Act.Division D.B.Act.Division 04/10/2012 DBAD / PUB 200.00   ਉ ਗੰਗੋਪਾ PN-6459 04/10/2012 1 200.00 Punjabi Bks
    Dewey Decimal Classification     Fiction Mobile Library Mobile Library 02/05/2013 BPPD/161/21.2.13/1775/6.3.13/13.3.13 200.00   ਉ ਗੰਗੋਪਾ B-493700 02/05/2013 1 200.00 Punjabi Bks
    Dewey Decimal Classification     Fiction Mobile Library Mobile Library 02/05/2013 BPPD/161/21.2.13/1775/6.3.13/13.3.13 200.00   ਉ ਗੰਗੋਪਾ B-493701 02/05/2013 1 200.00 Punjabi Bks
    Dewey Decimal Classification     Fiction Patel Nagar Patel Nagar 02/05/2013 BPPD/161/21.2.13/1775/6.3.13/13.3.13 200.00   ਉ ਗੰਗੋਪਾ B-493702 02/05/2013 1 200.00 Punjabi Bks
    Dewey Decimal Classification     Fiction Sarojini Nagar Sarojini Nagar 02/05/2013 BPPD/161/21.2.13/1775/6.3.13/13.3.13 200.00   ਉ ਗੰਗੋਪਾ B-493703 02/05/2013 1 200.00 Punjabi Bks

© Delhi Public Library
Hit Counter
free hit counter